000
00290nam a22001337a 4500
008
181017b xxu||||| |||| 00| 0 eng d
020
_a
9781608313365
041
_a
eng
080
_a
610
100
_a
6
101
_a
ANE
245
_a
Pocket Pain Medicine
_c
Urman,R.D
942
_2
udc
_c
BK
999
_c
49994
_d
49994